Géographie : Détroits les plus connus - Statistiques

Statistiques générales
  • Ce quiz a été pris 133 fois
  • Le résultat moyen est 5 sur 12
Statistiques - réponses
Par images Réponse % Correct
Détroit de Gibraltar
93%
Détroit de Béring
71%
Détroit de Malacca
69%
Détroit d'Ormuz
66%
Détroit du Bosphore
45%
Détroit de Bab-el-Mandeb
44%
Détroit de la Manche
39%
Détroit des Dardanelles
39%
Détroit de Taïwan
39%
Détroit de Macassar
14%
Détroit de la Sonde
12%
Détroit de Lombok
12%
Aucun quiz correspondant
Distribution des résultats
% des personnes avec chaque résultat
Percentile par nombre de réponses
Votre historique - résultats
Vous n’avez pas pris ce quiz